| 000 | 00720nam a22002657a 4500 | ||
|---|---|---|---|
| 999 |
_c6756 _d6756 |
||
| 001 | 12987449 | ||
| 003 | GZU | ||
| 005 | 20210429120955.0 | ||
| 008 | 020910s2000 rh a 000 1 nde | ||
| 010 | _a 2002345835 | ||
| 020 | _a1779003838 | ||
| 035 | _a(DLC) 2002345835 | ||
| 040 |
_aDLC _cDLC |
||
| 042 | _alcode | ||
| 050 | 0 | 0 | _aPL8842 |
| 100 | 1 | _aNgwenya, Obert. | |
| 245 | 1 | 0 |
_aYini-le mthwakazi? / _cObert Ngwenya. |
| 260 |
_aHarare, Zimbabwe : _bCollege Press, _c2000. |
||
| 300 |
_a62 p. : _bill. ; _c21 cm. |
||
| 520 | _aA novel. | ||
| 546 | _aIn Ndebele. | ||
| 906 |
_a7 _bcbc _corigode _d3 _encip _f20 _gy-gencatlg |
||
| 942 |
_2lcc _cBK _h8842 _iNGW _kPL _m2000 |
||